|
|
|
|
| LEADER |
00000nam0a2200000 4500 |
| 001 |
23505 |
| 005 |
20231101205544.0 |
| 010 |
|
|
|a 5060014940
|
| 035 |
|
|
|a (RuTPU)RU\TPU\book\23725
|
| 035 |
|
|
|a BOOK00023798
|
| 090 |
|
|
|a 23505
|
| 100 |
|
|
|a 20011209d1989 m y0rusy50 ca
|
| 101 |
0 |
|
|a ger
|a rus
|
| 102 |
|
|
|a RU
|
| 105 |
|
|
|a y j 000zy
|
| 200 |
1 |
|
|a Учебник немецкого языка для электротехнических и энергетических специальносте вузов
|e учебник
|f Т. С. Серова
|
| 210 |
|
|
|a Москва
|c Высшая школа
|d 1989
|
| 215 |
|
|
|a 255 с.
|
| 606 |
1 |
|
|a Немецкий язык
|x Учебные руководства и пособия для вузов
|2 stltpush
|3 (RuTPU)RU\TPU\subj\45394
|9 64636
|
| 610 |
1 |
|
|a лексика
|
| 610 |
1 |
|
|a чтение
|
| 610 |
1 |
|
|a устная речь
|
| 610 |
1 |
|
|a электротехника
|
| 610 |
1 |
|
|a энергетика
|
| 610 |
1 |
|
|a электроэнергетика
|
| 610 |
1 |
|
|a фонетика
|
| 610 |
1 |
|
|a грамматика
|
| 686 |
|
|
|a Ш143.24-923
|v LBC/SL-A
|2 rubbk
|
| 700 |
|
1 |
|a Серова
|b Т. С.
|g Тамара Сергеевна
|
| 801 |
|
0 |
|a RU
|b 63413507
|c 20011209
|g PSBO
|
| 801 |
|
2 |
|a RU
|b 63413507
|c 20201023
|g PSBO
|
| 942 |
|
|
|c BK
|